| 000 | 00604nam a2200205Ia 4500 | ||
|---|---|---|---|
| 005 | 20250508160838.0 | ||
| 008 | 008 250505s9999 xx 000 0 eng d | ||
| 037 | _aTextual | ||
| 040 |
_aFEDL _beng _cFEDL |
||
| 041 |
_aeng _2eng |
||
| 084 |
_a420.7, WIL _qFEDL |
||
| 100 |
_aWilkinson Andrew _966274 |
||
| 245 | 0 | _aQuality of listening | |
| 260 |
_aBasingstoke, UK _bMacmillan Education Ltd. _c1974 |
||
| 300 | _axvi,112p | ||
| 490 | _aSchools council research studies | ||
| 700 |
_a Stratta Leslie Dudley Peter _9769528 |
||
| 942 |
_cTEXL _h420.7, WIL |
||
| 999 |
_c1366950 _d1366950 |
||